<?xml version="1.0" encoding="UTF-8"?>
<collection xmlns="http://www.loc.gov/MARC21/slim">
 <record>
  <leader>06944nam a2200397 a 4500</leader>
  <controlfield tag="001">kal4042</controlfield>
  <controlfield tag="003">Gr-AtHEAL</controlfield>
  <controlfield tag="005">20160426095654.0</controlfield>
  <controlfield tag="006">m        d        </controlfield>
  <controlfield tag="008">160413s2015    gr      s           gre|c</controlfield>
  <datafield tag="020" ind1=" " ind2=" ">
   <subfield code="a">9789606031885</subfield>
  </datafield>
  <datafield tag="040" ind1=" " ind2=" ">
   <subfield code="a">GR-AtHEAL</subfield>
   <subfield code="b">gre</subfield>
   <subfield code="c">GR-AtHEAL</subfield>
  </datafield>
  <datafield tag="082" ind1="0" ind2="4">
   <subfield code="a">371.3</subfield>
   <subfield code="2">23</subfield>
  </datafield>
  <datafield tag="100" ind1="1" ind2=" ">
   <subfield code="a">Τσελφές, Βασίλειος.</subfield>
   <subfield code="8">1486</subfield>
  </datafield>
  <datafield tag="245" ind1="1" ind2="0">
   <subfield code="a">Θέατρο και επιστήμη στην εκπαίδευση</subfield>
   <subfield code="h">[Ηλεκτρονικός πόρος] </subfield>
   <subfield code="b">Εκπαίδευση εκπαιδευτικών παιδιών προσχολικής ηλικίας</subfield>
   <subfield code="c">Τσελφές, Βασίλειος ; Παρούση, Αντιγόνη ; Κριτικός αναγνώστης,Χαλκιά-Θεοδωρίδου, Κρυσταλλία ; Κριτικός αναγνώστης,Λενακάκης, Αντώνιος ; Τεχνική επιμέλεια,Σιδέρη, Αγγελική-Βασιλική ; Γλωσσική επιμέλεια,Χαλκίδης, Σάββας.</subfield>
  </datafield>
  <datafield tag="260" ind1=" " ind2=" ">
   <subfield code="a">Αθήνα :</subfield>
   <subfield code="b">Σύνδεσμος Ελληνικών Ακαδημαϊκών Βιβλιοθηκών,</subfield>
   <subfield code="c">c2015.</subfield>
  </datafield>
  <datafield tag="490" ind1=" " ind2=" ">
   <subfield code="a">Ακαδημαϊκά Ηλεκτρονικά Συγγράμματα και Βοηθήματα Κάλλιπος</subfield>
   <subfield code="8">40</subfield>
  </datafield>
  <datafield tag="520" ind1=" " ind2=" ">
   <subfield code="a">Το βιβλίο απευθύνεται σε εκπαιδευόμενους εκπαιδευτικούς προσχολικής και πρώτης σχολικής ηλικίας. Καταπιάνεται με ένα σύγχρονο ζήτημα, αυτό της διαθεματικής/διεπιστημονικής προσέγγισης της διδασκαλίας, φέρνοντας υποδειγματικά σε επικοινωνία δύο γνωστικά αντικείμενα που με βάση την εκπαιδευτική παράδοση θεωρούνται ξένα. Παρουσιάζονται τόσο θεωρητικά όσο και μέσω σειράς διδακτικών εφαρμογών τα ζητήματα: α) με ποιους τρόπους, γιατί, με τι κέρδη και τι ζημιές, μπορεί η θεατρική έκφραση να αναπαραστήσει ιδέες/ σχήματα των φυσικών επιστημών, β) με ποιους τρόπους και γιατί, ένας εκπαιδευτικός προσχολικής και πρώτης σχολικής ηλικίας (ο οποίος κατά κανόνα διαθέτει περιορισμένες γνώσεις τόσο φυσικών επιστημών όσο και θεάτρου) μπορεί, στην προσπάθειά του να επιτύχει τη θεατρική αναπαράσταση επιστημονικών ιδεών, να εμβαθύνει τόσο σε θεμελιώδεις επιστημονικές ιδέες (αυτές που συγκροτούν την επιστημονική κουλτούρα και αποτελούν αντικείμενο διδασκαλίας-μάθησης στα μικρά παιδιά), όσο και στις δραματουργικές, σημειολογικές και αισθητικές αρχές του θεάτρου (αυτές που οικοδομούν μια παιδαγωγική με αισθητική), γ) ποια είναι και ποιες «άγκυρες» θεατρικότητας διαθέτουν τα σχήματα που προτείνονται από την επιστήμη για οντότητες όπως ο χρόνος, το φως, το σύμπαν κ.λπ., για τις επιστημονικές μεθόδους και πρακτικές αλλά και για τις «αυτονόητες» επιστημονικές πεποιθήσεις, που απαλλάσσουν την επιστημονική σκέψη και κουλτούρα από την τελεολογία, δ) με ποιους τρόπους μια τέτοια διδακτική προσέγγιση απελευθερώνει τη δημιουργικότητα των διδασκόμενων στο επιστημονικό και στο θεατρικό πεδίο, εγκαθιστά την κουλτούρα της αυτοαξιολόγησης ως βασικό χαρακτηριστικό της διδασκαλίας και καλλιεργεί τις τεχνολογικές δεξιότητες (στις κλασικές και στις νέες τεχνολογίες). Από την περιοχή των φυσικών επιστημών προκρίνονται ζητήματα που συναντάμε στη φυσική και την ιστορία της και από την περιοχή του θεάτρου κυριαρχούν τεχνικές του κουκλοθέατρου (κούκλα, θέατρο σκιών, θέατρο αντικειμένων, μαύρο θέατρο κ.λπ.).</subfield>
  </datafield>
  <datafield tag="650" ind1=" " ind2="0">
   <subfield code="a">Drama in education</subfield>
   <subfield code="8">2485</subfield>
  </datafield>
  <datafield tag="653" ind1=" " ind2=" ">
   <subfield code="a">Διεπιστημονικότητα στην εκπαίδευση</subfield>
  </datafield>
  <datafield tag="653" ind1=" " ind2=" ">
   <subfield code="a">Διαθεματικότητα στην εκπαίδευση</subfield>
  </datafield>
  <datafield tag="653" ind1=" " ind2=" ">
   <subfield code="a">Εκπαίδευση εκπαιδευτικών</subfield>
  </datafield>
  <datafield tag="653" ind1=" " ind2=" ">
   <subfield code="a">Προσχολική εκπαίδευση</subfield>
  </datafield>
  <datafield tag="653" ind1=" " ind2=" ">
   <subfield code="a">Εκπαίδευση και επιστήμες της αγωγής</subfield>
   <subfield code="a">Πεδία της παιδαγωγικής</subfield>
   <subfield code="a">Θεατροπαιδαγωγική/παιδαγωγική της θεατρικής έκφρασης/θεατρική αγωγή</subfield>
  </datafield>
  <datafield tag="653" ind1=" " ind2=" ">
   <subfield code="a">Εκπαίδευση και επιστήμες της αγωγής</subfield>
   <subfield code="a">Εκπαιδευτικός σχεδιασμός και οργάνωση</subfield>
   <subfield code="a">Αξιολόγηση προγράμματος</subfield>
  </datafield>
  <datafield tag="653" ind1=" " ind2=" ">
   <subfield code="a">Εκπαίδευση και επιστήμες της αγωγής</subfield>
   <subfield code="a">Εκπαιδευτικές πολιτικές</subfield>
   <subfield code="a">Εκπαιδευτική ανάπτυξη</subfield>
  </datafield>
  <datafield tag="653" ind1=" " ind2=" ">
   <subfield code="a">Εκπαίδευση και επιστήμες της αγωγής</subfield>
   <subfield code="a">Θεωρία της εκπαίδευσης (ευρείες εκπαιδευτικές έννοιες)</subfield>
   <subfield code="a">Εκπαιδευτικές μέθοδοι</subfield>
  </datafield>
  <datafield tag="653" ind1=" " ind2=" ">
   <subfield code="a">Εκπαίδευση και επιστήμες της αγωγής</subfield>
   <subfield code="a">Διδακτική</subfield>
  </datafield>
  <datafield tag="700" ind1="1" ind2=" ">
   <subfield code="a">Παρούση, Αντιγόνη</subfield>
   <subfield code="e">Συγγραφέας</subfield>
   <subfield code="8">1487</subfield>
  </datafield>
  <datafield tag="700" ind1="1" ind2=" ">
   <subfield code="a">Χαλκιά-Θεοδωρίδου, Κρυσταλλία</subfield>
   <subfield code="e">Κριτικός αναγνώστης</subfield>
   <subfield code="8">1488</subfield>
  </datafield>
  <datafield tag="700" ind1="1" ind2=" ">
   <subfield code="a">Λενακάκης, Αντώνιος</subfield>
   <subfield code="e">Κριτικός αναγνώστης</subfield>
   <subfield code="8">1489</subfield>
  </datafield>
  <datafield tag="856" ind1="4" ind2="0">
   <subfield code="u">http://hdl.handle.net/11419/4042</subfield>
   <subfield code="z">Πλήρες Κείμενο - Full text</subfield>
  </datafield>
  <datafield tag="907" ind1=" " ind2=" ">
   <subfield code="a">.b25677408</subfield>
   <subfield code="b">12-06-18</subfield>
   <subfield code="c">29-07-16</subfield>
  </datafield>
  <datafield tag="949" ind1=" " ind2=" ">
   <subfield code="0">0</subfield>
   <subfield code="1">0</subfield>
   <subfield code="2">ddc</subfield>
   <subfield code="4">0</subfield>
   <subfield code="6">371_300000000000000_ΤΣΕ</subfield>
   <subfield code="7">0</subfield>
   <subfield code="8">KALL</subfield>
   <subfield code="8">498</subfield>
   <subfield code="d">2016-04-13</subfield>
   <subfield code="r">2016-04-13</subfield>
   <subfield code="w">2016-04-13</subfield>
   <subfield code="z">371.3 ΤΣΕ</subfield>
   <subfield code="o">SEAB KALLIPOS</subfield>
  </datafield>
  <datafield tag="998" ind1=" " ind2=" ">
   <subfield code="a">80</subfield>
   <subfield code="a">01</subfield>
   <subfield code="a">02</subfield>
   <subfield code="a">03</subfield>
   <subfield code="a">04</subfield>
   <subfield code="a">05</subfield>
   <subfield code="a">06</subfield>
   <subfield code="a">07</subfield>
   <subfield code="a">08</subfield>
   <subfield code="a">09</subfield>
   <subfield code="a">10</subfield>
   <subfield code="a">11</subfield>
   <subfield code="a">12</subfield>
   <subfield code="a">13</subfield>
   <subfield code="a">14</subfield>
   <subfield code="a">15</subfield>
   <subfield code="a">16</subfield>
   <subfield code="a">17</subfield>
   <subfield code="a">18</subfield>
   <subfield code="a">19</subfield>
   <subfield code="a">20</subfield>
   <subfield code="a">21</subfield>
   <subfield code="a">22</subfield>
   <subfield code="a">23</subfield>
   <subfield code="a">24</subfield>
   <subfield code="a">25</subfield>
   <subfield code="a">26</subfield>
   <subfield code="b">10-05-17</subfield>
   <subfield code="c">m</subfield>
   <subfield code="d">z  </subfield>
   <subfield code="e">-</subfield>
   <subfield code="f">gre</subfield>
   <subfield code="g">gr </subfield>
   <subfield code="h">0</subfield>
  </datafield>
  <datafield tag="942" ind1=" " ind2=" ">
   <subfield code="2">ddc</subfield>
   <subfield code="c">KALLIPOS</subfield>
  </datafield>
 </record>
</collection>
